| 000 | 01213nam a2200313Ia 4500 | ||
|---|---|---|---|
| 001 | K0570 | ||
| 003 | IT-RoPAU | ||
| 008 | 130308s9999 xx 000 0 und d | ||
| 040 | _aIT-RoPAU | ||
| 040 | _cIT-RoPAU | ||
| 041 | _aITALIANO | ||
| 100 | _aScorzelli Lello | ||
| 100 | _gCodice Aut. SPICS: 42663 | ||
| 245 | _aBronzi del Sinodo (I) | ||
| 245 | _bBronzi del Sinodo (I) | ||
| 250 | _a1a ed. | ||
| 260 | _aROMA | ||
| 260 | _bEditalia | ||
| 260 | _c1969 [1° Ed.:1969 - Ed.Ling.Originale:1969] | ||
| 300 | _a"114 p. (prefazione: no ; testo: 114 [pagine: 0-0])" | ||
| 500 | _a"Presentazione di V. Mariani. Illustrazioni: Pentecoste; Concilio con Giovanni Xxiii; Concilio con Paolo Vi; Popolo di Dio. testo di Lello Scorzelli Anche in Inglese. " | ||
| 650 | _aAUTORI/OPERE DELLE ARTI VISIVE | ||
| 650 | _eCodice materia Spics: 5007 | ||
| 700 | _aMariani Valerio | ||
| 700 | _gCodice Aut. SPICS: 4166 | ||
| 942 | _cBK | ||
| 957 | _71 | ||
| 999 |
_c76950 _d76950 |
||
| 999 | _g1 | ||